header

Knowledge management (Record no. 74538)

MARC details
000 -LEADER
fixed length control field 01402nam a2200337Ia 4500
245 00 - TITLE STATEMENT
Title Knowledge management
260 ## - PUBLICATION, DISTRIBUTION, ETC. (IMPRINT)
Place of publication Armonk, N.Y. :
Name of publisher M.E. Sharpe, Inc.,
Year of publication c2008.
300 ## - PHYSICAL DESCRIPTION
Number of Pages xiii, 330 p. :
Other physical details ill.
490 1# - SERIES STATEMENT
Series statement Advances in management information systems,
650 #0 - SUBJECT ADDED ENTRY--TOPICAL TERM
Topical Term Knowledge management.
Topical Term Information technology.
Topical Term Organizational learning.
700 1# - ADDED ENTRY--PERSONAL NAME
Personal name Becerra-Fernandez, Irma,
Personal name Leidner, D. E.
856 40 - ELECTRONIC LOCATION AND ACCESS
Uniform Resource Identifier http://site.ebrary.com/lib/rucke/Doc?id=10292209

No items available.

© 2026 Rongo University
Contact us: librarian | system librarian | Rongo university